Name the seven oceans known in the world - Statistics

General Stats
  • This quiz has been taken 32 times
  • The average score is 3 of 8
Answer Stats
Hint Answer % Correct
7 Arctic Ocean
81%
5 Indian Ocean
67%
6 Southern Ocean
37%
3 North Atlantic Ocean
33%
1 North Pacific Ocean
33%
2 South Pacific Ocean
33%
4 South Atlantic Ocean
30%
6 Antarctic Ocean
26%
No matching quizzes found
Score Distribution
Percent of People with Each Score
Percentile by Number Answered
Your Score History
You have not taken this quiz